ਦਲ ਦੀਆਂ ਸ਼ਾਮਾਂ ਸਨਾਸਰ ਦੇ ਸਵੇਰੇ : (Record no. 109943)

MARC details
000 -LEADER
fixed length control field 01142nam a22002537a 4500
005 - DATE AND TIME OF LATEST TRANSACTION
control field 20170123164145.0
010 ## - LIBRARY OF CONGRESS CONTROL NUMBER
LC control number B-124051
020 ## - INTERNATIONAL STANDARD BOOK NUMBER
Terms of availability 160.00
035 ## - SYSTEM CONTROL NUMBER
System control number B-124051
037 ## - SOURCE OF ACQUISITION
Source of stock number/acquisition Cen Lib/Ret
040 ## - CATALOGING SOURCE
Original cataloging agency DPL
Language of cataloging PN
082 ## - DEWEY DECIMAL CLASSIFICATION NUMBER
Classification number
Item number ਕਿਰਤ
245 ## - TITLE STATEMENT
Title ਦਲ ਦੀਆਂ ਸ਼ਾਮਾਂ ਸਨਾਸਰ ਦੇ ਸਵੇਰੇ :
Statement of responsibility, etc ਸੰਪਾਦਕ ਕਿਰਤ ਸਿੰਘ ਇਨਕਲਾਬੀ
Remainder of title ਕਹਾਨੀ ਸੰਗ੍ਰਹਿ /
246 ## - VARYING FORM OF TITLE
Title proper/short title Dal dian shamman sanasar de savere : short stories /
Remainder of title edited by Kirat Singh Inqulabi
260 ## - PUBLICATION, DISTRIBUTION, ETC. (IMPRINT)
Place of publication, distribution, etc ਦਿੱਲੀ
Name of publisher, distributor, etc ਸਤਵੱਤ ਬੂਕ ਏਜੰਸੀ
Date of publication, distribution, etc 2005
270 ## - ADDRESS
Address 32-ਬੀ ਪ੍ਲੇਆਸੁਰੇ ਗਾਰਡਨ ਮਾਰਕੇਟ ਚਾਂਦਨੀ ਚੋਕ
City ਦਿੱਲੀ
Postal code 110006
300 ## - PHYSICAL DESCRIPTION
Extent 80p ;
Dimensions 20cm
650 ## - SUBJECT ADDED ENTRY--TOPICAL TERM
Topical term or geographic name as entry element ਪੰਜਾਬੀ ਕਹਾਣੀਆ
9 (RLIN) 121426
650 ## - SUBJECT ADDED ENTRY--TOPICAL TERM
Topical term or geographic name as entry element ਸਾਹਿਤ -- ਪੰਜਾਬੀ
9 (RLIN) 121427
650 ## - SUBJECT ADDED ENTRY--TOPICAL TERM
Topical term or geographic name as entry element literature -- Punjabi
9 (RLIN) 114104
650 ## - SUBJECT ADDED ENTRY--TOPICAL TERM
Topical term or geographic name as entry element Punjabi -- story
9 (RLIN) 116063
700 ## - ADDED ENTRY--PERSONAL NAME
Personal name ਕਿਰਤ ਸਿੰਘ ਇਨਕਲਾਬੀ
9 (RLIN) 48203
942 ## - ADDED ENTRY ELEMENTS (KOHA)
Source of classification or shelving scheme Dewey Decimal Classification
Koha item type Punjabi Bks
Classification part
Call number suffix ਕਿਰਤ
Holdings
Withdrawn status Lost status Damaged status Not for loan Home library Current library Date acquired Source of acquisition Cost, normal purchase price Total Checkouts Full call number Barcode Date last seen Copy number Cost, replacement price Price effective from Koha item type Source of classification or shelving scheme Date checked out
        Central Library Central Library 11/01/2016 Cen Lib/Ret 160.00   ਕ ਕਿਰਤ B-124051 11/01/2016 1 160.00 11/01/2016 Punjabi Bks    
        Patel Nagar Patel Nagar 05/03/2019   150.00 1 ਕ ਕਿਰਤ B-124056 26/09/2019   150.00 05/03/2019 Punjabi Bks Dewey Decimal Classification 13/09/2019

© Delhi Public Library
Hit Counter
free hit counter